| 000 | 01231nam a22002657a 4500 | ||
|---|---|---|---|
| 005 | 20170124102934.0 | ||
| 010 | _a686305 | ||
| 020 | _c4.00 | ||
| 035 | _a686305 | ||
| 037 | _bCen Lib/Ret | ||
| 040 |
_aDPL _bHN |
||
| 082 |
_a821 _bकाव्यध |
||
| 245 |
_aकाव्यधारा : _cसंपादक गोपीनाथ तिवारी [और] रामचन्द्र तिवारी _bप्रसाद, निराला, पंत तथा दिनकर / |
||
| 246 |
_aKavyadhara : prasad, nirala, pant tatha dinkar / _bsampadak Gopinath Tiwari [aur] Ramchandra Tiwari |
||
| 260 |
_aवाराणसी _bविश्वविद्यालय प्रकाशन _c1972 |
||
| 270 |
_aचौक _bवाराणसी |
||
| 300 |
_a168पृ. _c17सेमी (सजिल्द) |
||
| 650 |
_aहिंदी साहित्य _945878 |
||
| 650 |
_aहिन्दी काव्य _9779 |
||
| 650 |
_aHindi Literature _945879 |
||
| 650 |
_aHindi Poetry _945880 |
||
| 700 |
_aतिवारी, गोपीनाथ _945868 |
||
| 700 |
_aतिवारी, रामचन्द्र _96449 |
||
| 942 |
_2ddc _cHN _h821 _mकाव्यध |
||
| 999 |
_c112100 _d112100 |
||